| 000 | 00758nam a2200253 a 4500 | ||
|---|---|---|---|
| 001 | 23882 | ||
| 003 | BD-RjUL | ||
| 005 | 20211209001001.0 | ||
| 008 | 140312s1962 enkach b 001 0 eng d | ||
| 035 | _a(BD-RjUL) 23947 | ||
| 040 |
_aDLC _cIQU _dUKM _dBD-RjUL _beng |
||
| 041 | _aeng | ||
| 082 | 0 | 4 |
_a365.7092 _218 _bKEE 1962 |
| 100 | 1 |
_aKent, John, _d1923- _973540 |
|
| 245 | 1 | 0 |
_aElizabeth Fry / _cJohn Kent. |
| 260 |
_aLondon : _bB. T. Batsford, _c1962. |
||
| 300 |
_a144 p., [14] p. of plates : _bill. ; _c22 cm. |
||
| 504 | _aBibliographical references and index. | ||
| 600 | 1 | 0 |
_aFry, Elizabeth Gurney, _d1780-1845. _973544 |
| 650 |
_aFry, Elizabeth Gurney, 1780-1845 _973542 |
||
| 942 |
_2ddc _cBK |
||
| 999 |
_c23882 _d23882 |
||